000 00337nam a2200133Ia 4500
008 240624s9999 xx 000 0 und d
041 _aeng
082 _a658.0072 JEA
100 _aJEANES EMMA
245 _aCRITICAL MANAGEMENT RESEARCH REFLECTIONS
260 _c2014
_aLondon
_bSage
300 _aix, 246 p.; 23 cm.
365 _cBPS
_b38
999 _c31552
_d31552